|
|
|
|
| LEADER |
00000cjm a2200000 a 4500 |
| 001 |
vtls001440762 |
| 003 |
SK-MaSNL |
| 005 |
20260301072904.0 |
| 008 |
130607s2000 xo 0 slo |
| 015 |
|
|
|a SNBJ2002/04-01592
|
| 035 |
|
|
|a SNK000395941
|
| 040 |
|
|
|a SNK
|b slo
|c SNK
|e AACR2
|
| 041 |
0 |
|
|a slo
|
| 044 |
|
|
|a xo
|c SK
|
| 080 |
|
|
|a 785.7:78.087.682(086.7)
|2 1981
|
| 080 |
|
|
|a 78.087.682
|2 1981
|
| 245 |
0 |
0 |
|a Meditácia
|h zvukový dokument
|c Josef Suk. Stabat Mater / Giovanni Battista Pergolesi
|
| 260 |
|
|
|a Bratislava
|b Diskant
|c 2000
|
| 300 |
|
|
|a 1 kompaktná platňa (44 min. 42 sek.)
|b stereo
|
| 500 |
|
|
|a Fotograf Štefan Kekely
|
| 505 |
0 |
|
|a Obsahuje 2 diela
|
| 511 |
1 |
|
|a Mirko Krajči, dirigent
|
| 511 |
1 |
|
|a Spievajú Ivana Mikesková, Helena Mudrochová
|
| 511 |
1 |
|
|a Účinkujú Komorný orchester súboru Technik, Ženský zbor súboru Technik
|
| 650 |
0 |
7 |
|a komorná hudba
|2 SNKPH
|9 3431
|
| 650 |
0 |
7 |
|a vokálna hudba
|2 SNKPH
|9 3442
|
| 650 |
0 |
7 |
|a zborový spev
|2 SNKPH
|9 3196
|
| 655 |
|
7 |
|a kompaktné platne
|2 SNKPH
|9 70690
|
| 700 |
1 |
|
|a Krajči, Mirko,
|d 1968-
|4 cnd
|9 39665
|
| 700 |
1 |
|
|a Mikesková, Ivana
|4 sng
|9 393082
|
| 700 |
1 |
|
|a Mudrochová, Helena
|4 sng
|9 393083
|
| 700 |
1 |
|
|a Kekely, Štefan
|4 pht
|9 357789
|
| 700 |
1 |
2 |
|a Suk, Josef,
|d 1874-1935
|t Meditácia
|9 393084
|
| 700 |
1 |
2 |
|a Pergolesi, Giovanni Battista,
|d 1710-1736
|t Stabat Mater
|9 393085
|
| 710 |
2 |
|
|a Technik (umelecký súbor).
|b Komorný orchester
|4 prf
|9 155810
|
| 710 |
0 |
|
|a Ženský zbor súboru Technik
|4 prf
|9 393086
|
| 852 |
|
|
|a Slovenská národná knižnica
|
| 999 |
|
|
|c 642452
|d 644382
|
| 952 |
|
|
|t P60, <03>, [BOOK], {603}
|a SNK
|b SNK
|y PREZ
|7 0
|p 17A0356142
|o snkSCD 1327
|i snkJK 575/2002
|0 0
|1 0
|4 0
|d 2002-09-11
|l 0
|r 2005-01-02 00:00:00
|w 2026-02-23
|